000 00776nam a2200241 a 4500
999 _c11490
_d11490
001 11490
003 BD-JhCC
005 20191109134020.0
008 190626b 2012bg |||| ||a| 000 0 ben d
020 _a9789848860625
035 _a(BD-JhCC)11490
040 _aBD-JhCC
_dBD-JhCC
041 _aben
082 _bKIN 2012
_a302.346
100 _aকিং, ল্যারি
245 _aভালো যোগাযোগের গোপন রহস্য /
_cল্যারি কিং, অনু: পুলক হাসান ।
260 _aঢাকা:
_bআকাশ;
_c২০১২.
300 _a১২৭ পৃ. :
_c২২ সেমি.
650 _aConversation
700 _aহাসান, পুলক
942 _2ddc
_cBK
_02